Statystyki dla Nazwij te państwo po języku urzędowym tego państwa

Kliknij tutaj aby rozwiązać quiz!

Ogólne statystyki

  • Ten quiz został rozwiązany 72 razy
  • Średni wynik to 12 z 38

Statystyki odpowiedzi

Polska nazwa państwaOryginalna nazwa państwa% Poprawnych
AndoraAndorra
72%
NiemcyDeutschland
70%
WłochyItalia
66%
Wielka BrytaniaUnited Kingdom
66%
LiechtensteinLiechtenstein
59%
FrancjaFrance
58%
AustriaÖsterreich
58%
MonakoMonaco
53%
HiszpaniaEspaña
53%
MaltaMalta
52%
PortugaliaPortugal
50%
FinlandiaSuomi
44%
MołdawiaMoldova
41%
HolandiaNederland
34%
IslandiaÍsland
31%
NorwegiaNorge
30%
BelgiaBelgië
30%
SzwajcariaSchweiz
28%
LitwaLietuva
27%
EstoniaEesti
23%
WęgryMagyarország
23%
SzwecjaSverige
23%
IrlandiaÉire
22%
SłowacjaSlovensko
22%
SerbiaSrbija
22%
SłoweniaSlovenija
20%
TurcjaTürkiye
20%
DaniaDanmark
17%
ŁotwaLatvija
16%
BiałoruśBielarus
16%
AlbaniaShqipëri
14%
CzechyČesko
13%
GrecjaElláda
11%
LuksemburgLëtzebuerg
5%
Bośnia i HercegowinaBosna i Hercegovina
5%
WatykanVaticanus
3%
Macedonia PółnocnaSeverna Makedonija
2%
UkrainaUkrayina
2%

Rozkład punktacji

Percentyl według liczby udzielonych odpowiedzi

Procent ludzi z każdym wynikiem

Twoja historia wyników

Nie rozwiązałeś tego quizu